Medzinárodné hospodárske vzťahy v kapitalizme medzinárodný platobný styk

Salvato in:
Dettagli Bibliografici
Autore principale: Onduš, Michal
Ente Autore: Vysoká škola ekonomická v Bratislave. Obchodná fakulta
Altri autori: Domanická, E.
Natura: Libro
Lingua:slovacco
Pubblicazione: Bratislava VŠE 1977
Tags: Aggiungi Tag
Nessun Tag, puoi essere il primo ad aggiungerne!!

MARC

LEADER 00000nam a2200000 4500
001 c120238
005 20221220102217.0
041 0 |a slo 
044 |a SK 
245 1 0 |a Medzinárodné hospodárske vzťahy v kapitalizme  |b medzinárodný platobný styk  |c Michal Onduš, E. Domanická 
264 1 |a Bratislava  |b VŠE  |c 1977 
300 |a 252 s. 
100 1 |a Onduš, Michal 
700 1 |a Domanická, E. 
710 2 |a Vysoká škola ekonomická v Bratislave. Obchodná fakulta